الوجيز في اصول التنظيم الدولي : (رقم التسجيلة. 143078)

تفاصيل مارك
000 -الفاتح
عناصر البيانات ثابتة الطول 00811cam a2200193 i 4500
005 - تاريخ ووقت آخر معاملة
حقل ضبط 20260121093530.0
008 - عناصر البيانات ثابتة الطول
عناصر البيانات ثابتة الطول 250721s2021 ts gr 000 0 ara d
020 ## - الترقيم الدولي المعياري للكتب (ردمك)
الترقيم الدولي المعياري للكتب (ردمك) 9789948871484
082 14 - رقم تصنيف ديوي العشري
رقم التصنيف 341.24
رقم المادة ع ب د
100 1# - مدخل رئيسي – اسم شخصي
الاسم الشخصي عبدالمنعم، احمد فوزي
علاقة الشخص بالعمل/ دوره مؤلف.
245 12 - بيان العنوان
العنوان الوجيز في اصول التنظيم الدولي :
بقية العنوان النظرية العامة الامم المتحدة المنظمات الاقليمية /
بيان المسؤولية تأليف الأستاذ الدكتور احمد فوزى عبدالمنعم.
250 ## - بيان الطبعة
بيان الطبعة الطبعة الاولى.
264 31 - بيانات النشر، التوزيع…إلخ
مكان النشر، التوزيع...إلخ الشارقة :
اسم الناشر، الموزع...إلخ دار الحكمة،
تاريخ النشر، التوزيع...إلخ 2021.
300 ## - الوصف المادي
عدد الوحدات المكونة للوعاء 378صفحة.
650 17 - مدخل إضافي بالموضوع - مصطلح موضوعي
مصطلح موضوعي أو اسم جغرافي كعنصر مدخل القانون الدولي.
650 17 - مدخل إضافي بالموضوع - مصطلح موضوعي
مصطلح موضوعي أو اسم جغرافي كعنصر مدخل المنظمات الدولية.
942 ## - بيانات إضافية (كوها)
نوع التنصيف Dewey Decimal Classification
نوع المادة (كوها) كتب
المقتنيات
حالة السحب حالة الفقدان مصدر التصنيف حالة التلف غير قابل للإعارة المكتبة الرئيسية المكتبة الحالية موقع الرف تاريخ التزويد الرقم المتسلسل Total Checkouts رقم الإستدعاء الباركود تاريخ آخر ظهور تاريخ الفاتورة نوع المادة (كوها)
    Dewey Decimal Classification     المكتبة المركزية المكتبة المركزية الإعارة 28/07/2025 1771015   341.24 / ع ب د PLD00495517 28/07/2025 28/07/2025 كتب
Implemented & Customized by: BBB with SCIT (Smart Chains for Information Technology)

Powered by Koha